Statistics for Time Magazine Person of the Year

Click here to take the quiz!

General Stats

  • This quiz has been taken 60,240 times
    (11,777 since last reset)
  • The average score is 31 of 69

Answer Stats

YearPerson% Correct
2016Donald Trump
95%
2008, 2012Barack Obama
94%
2020Joe Biden
89%
2007Vladimir Putin
88%
2021Elon Musk
85%
1990George H. W. Bush
85%
2000, 2004George W. Bush
85%
2023Taylor Swift
85%
2019Greta Thunberg
83%
2015Angela Merkel
81%
2022Volodymyr Zelenskyy
81%
1938Adolf Hitler
78%
1992, 1998Bill Clinton
78%
1939, 1942Joseph Stalin
76%
2013Pope Francis
75%
1940, 1949Winston Churchill
73%
1961John F. Kennedy
71%
1962Pope John XXIII
71%
1932, 1934, 1941Franklin D. Roosevelt
70%
1930Mohandas Gandhi
70%
1980, 1983Ronald Reagan
69%
1987, 1989Mikhail Gorbachev
66%
1971, 1972 (t)Richard Nixon
66%
2020Kamala Harris
65%
1944, 1959Dwight D. Eisenhower
63%
1963Martin Luther King, Jr.
58%
1945, 1948Harry S. Truman
57%
1976Jimmy Carter
56%
1964, 1967Lyndon B. Johnson
55%
1958Charles de Gaulle
54%
1999Jeff Bezos
54%
2010Mark Zuckerberg
52%
1994Pope John Paul II
52%
2001Rudolph Giuliani
51%
1933Hugh Johnson
49%
1979Ayatollah Khomeini
43%
1957Nikita Khrushchev
43%
1927Charles Lindbergh
40%
1972 (t)Henry Kissinger
38%
1996David Ho
30%
1935Haile Selassie I
29%
1937Chiang Kai-shek
27%
1952Queen Elizabeth II
27%
1977Anwar Sadat
26%
1981Lech Walesa
26%
1978, 1985Deng Xiaoping
24%
1943, 1947George Marshall
24%
1953Konrad Adenauer
19%
1970Willy Brandt
18%
1983Yuri Andropov
18%
1986Corazon C. Aquino
13%
1998Kenneth Starr
13%
1936Wallis Simpson
13%
1995Newt Gingrich
12%
2009Ben Bernanke
10%
1974King Faisal
9%
1965William Westmoreland
9%
1951Mohammed Mossadegh
8%
1954John Foster Dulles
7%
1991Ted Turner
7%
1984Peter Ueberroth
6%
1928Walter Chrysler
6%
1997Andy Grove
5%
1955Harlow Curtice
5%
1973John Sirica
5%
1929Owen D. Young
5%
1931Pierre Laval
5%
1937Soong May-ling
5%
1946James F. Byrnes
4%

Score Distribution

Percentile by Number Answered

Percent of People with Each Score

Your Score History

You have not taken this quiz since the last reset